000 00937nam a2200265Ia 4500
003 OSt
005 20221005112051.0
006 a|||||r|||| 00| 0
007 ta
008 221004b |||||||| |||| 00| 0 hin d
024 _a32598
037 _cTextual
040 _aCRL
_cCRL
_bhin
041 _2hin
_ahin
082 _aO152,1N07:g, K9
100 _aगुप्त, गणपतिचन्द्र
245 0 _aमहादेवी
_b नया मूल्यांकन
246 _aMahādevī: nayā mūlyāankana
260 _aशिमला
_bभारतेन्दु भवन प्रकाशन भारत
_c1969
300 _a348पृ.
_ccm.
650 _a हिन्दी आलोचना
650 _aहिन्दी साहित्य
942 _hO152,1N07:g, K9
_cTEXL
_2cc
999 _c1023728
_d1023728